Welcome to the Holygrace Academy Library

Please use search bar below to get started

HIGH SCHOOL MUSICAL (Record no. 436)

MARC details
000 -LEADER
fixed length control field 00422nam a22001457a 4500
020 ## - INTERNATIONAL STANDARD BOOK NUMBER
ISBN 978-1-4075-3103-8
082 ## - DEWEY DECIMAL CLASSIFICATION NUMBER
Classification number 823
Item number GRA/H
100 ## - MAIN ENTRY--AUTHOR NAME
Personal name N.B.GRACE
245 ## - TITLE STATEMENT
Title HIGH SCHOOL MUSICAL
Remainder of title 3 SENIOR YEAR
260 ## - PUBLICATION, DISTRIBUTION, ETC. (IMPRINT)
Place of publication UNITED KINGDOM
Name of publisher PARRAGON
Year of publication 2008
300 ## - PHYSICAL DESCRIPTION
Number of Pages 125
520 ## - SUMMARY, ETC.
Summary, etc AS GRADUATION DAY NEARS, WILL THE WILDCATS SHARE THE STAGE FOR ONE LAST TIME?
650 ## - SUBJECT ADDED ENTRY--TOPICAL TERM
Topical Term THE BOOK OF THE FILM
Geographic subdivision UNITED KINGDOM
942 ## - ADDED ENTRY ELEMENTS (KOHA)
Koha item type Books
Holdings
Withdrawn status Lost status Collection code Home library Current library Shelving location Date acquired Source of acquisition Cost, normal purchase price Full call number Accession Number Koha item type
    Fiction Main Library Main Library On Display 19/03/2014 purchase 526.00 823 GRA/H 07954 Books
    Fiction Main Library Main Library On Display 22/03/2014 purchase 526.00 823 GRA/H 08103 Books
    Fiction Main Library Main Library On Display 22/03/2014 purchase 526.00 823 GRA/H 08104 Books
    Fiction Main Library Main Library On Display 22/03/2014 purchase 526.00 823 GRA/H 08102 Books